The Batman Quiz (SPOILERS) - Statistics

General Stats
  • This quiz has been taken 415 times
  • The average score is 8 of 10
Answer Stats
Actor Role % Correct
Robert Pattinson Bruce Wayne/Batman
100%
Zoë Kravitz Selina Kyle/Catwoman
99%
Paul Dano The Riddler
98%
Colin Farrell The Penguin
95%
Jeffrey Wright Commissioner Gordon
91%
Andy Serkis Alfred Pennyworth
89%
Barry Keoghan The Joker
84%
John Turturro Carmine Falcone
79%
Peter Sarsgaard Gil Colson
33%
Jayme Lawson Bella Reál
27%
No matching quizzes found
Score Distribution
Percent of People with Each Score
Percentile by Number Answered
Your Score History
You have not taken this quiz